Semi-detailed soil survey of Northwest of Tasek Bera

Bibliographic Details
Main Author: LIM
Other Authors: S. Paramanathan
Format: Book
Published: Kuala Lumpur : Kementerian Pertanian , 1977
Series:Soils and Analytical Services. Soil survey report ; no. 6
Subjects:

MARC

LEADER 00000cam a2200000 7i4500
001 0000002845
005 20040121.0
090 0 0 |a 631.4709595123   |b LIM 1977 
100 1 0 |a LIM   |h Jit Sai 
245 1 0 |a Semi-detailed soil survey of Northwest of Tasek Bera   |c by Lim Jit Sai [and] S. Paramanathan 
260 0 0 |a Kuala Lumpur :   |b Kementerian Pertanian ,   |c 1977 
300 |a 50 p. :   |b ill., maps ;   |c 28 cm. 
440 0 0 |a Soils and Analytical Services. Soil survey report ; no. 6 
500 0 0 |a Bibliography: p. 50 
650 0 0 |a Soil   |x Survey   |z Pahang 
700 0 1 |a S. Paramanathan 
998 |a JPSM 
999 |a 0000004066   |b Monograph   |c Open Shelf   |e Default branch